|
|
|
|
| LEADER |
01370nam a22003612a 4500 |
| 001 |
001656235 |
| 003 |
CZ BrMZK |
| 005 |
20190315061558.0 |
| 007 |
ta |
| 008 |
181115s1960 xr er|||||||||||cze d |
| 015 |
|
|
|a cnb000686759
|
| 035 |
|
|
|a (OCoLC)85464118
|
| 040 |
|
|
|a ABA001
|b cze
|c HKA001
|d ABA001
|d BOA001
|
| 043 |
|
|
|a e-xr---
|b e-xr-ol
|2 czenas
|
| 072 |
|
7 |
|a 027
|x Univerzální knihovny. Veřejné knihovny. Soukromé knihovny
|2 Konspekt
|9 12
|
| 080 |
|
|
|a 027.7
|2 MRF
|
| 080 |
|
|
|a (437.325)
|2 MRF
|
| 080 |
|
|
|a (047)
|2 MRF
|
| 245 |
0 |
0 |
|a Universitní knihovna v Olomouci v roce 1959 :
|b [zpráva o činnosti] /
|c zpracoval Miroslav Nádvorník
|
| 260 |
|
|
|a Olomouc :
|b Universitní knihovna,
|c 1960
|
| 300 |
|
|
|a 15 s. ;
|c 8°
|
| 490 |
1 |
|
|a Publikace Universitní knihovny v Olomouci ;
|v r. 1960, č. 4
|
| 504 |
|
|
|a Obsahuje bibliografii
|
| 610 |
2 |
7 |
|a Universitní knihovna (Olomouc, Česko)
|7 ko20010092587
|2 czenas
|
| 650 |
0 |
7 |
|a univerzitní knihovny
|7 ph126935
|z Česko
|2 czenas
|
| 651 |
|
7 |
|a Olomouc (Česko)
|7 ge130299
|2 czenas
|
| 655 |
|
7 |
|a zprávy
|7 fd133875
|2 czenas
|
| 700 |
1 |
|
|a Nádvorník, Miroslav,
|d 1921-1989
|7 jk01082636
|4 edt
|
| 830 |
|
0 |
|a Publikace Universitní knihovny v Olomouci
|
| 910 |
|
|
|a BOA001
|b X-0443.805
|
| 990 |
|
|
|a BK
|
| 991 |
|
|
|b 201811
|
| 996 |
6 |
|
|b 2618958199
|c X-0443.805
|l MZK
|r Sklad / do 24 hodin
|n 0
|w 001695108
|u 000010
|a 1
|e BOA001
|j MZK50
|s P
|